000 00880nam a2200229 i 4500
001 77945
003 ES-MaACL
005 20250819055200.0
008 041116s1929 sp |||| | spa d
080 _a32 Cambó, Francesc
100 1 _aCentellas, Capitán
_cSeud. de Gonzalo Chapela y Blanco.
_9160208
245 1 4 _aLas dictaduras y el señor Cambó /
_cEl Capitán Centellas [seud.] ; nota editorial de Pedro Luis de Gálvez.
260 _aMadrid :
_bEd. Rubén Darío,
_c[1929?] (
_fImp. de Galo Sáez)
300 _a184 p. ;
_c19 cm.
500 _aEjemplar falto de portada.
594 _aCapitán Centellas es seudónimo de Gonzalo Chapela y Blanco.
600 1 4 _aCambó, Francesc,
_d1876-1947
_934032
650 7 _aDictadura
_2embne
_9144385
700 1 _aGálvez, Pedro Luis de,
_d1882-1940
_953712
852 _aES-MaACL
_jE-10399
999 _c77945
_d77945